Normal view
MARC view
- Labor laws and legislation, International
Entry Topical Term
001 - CONTROL NUMBER
- control field: 37619
003 - CONTROL NUMBER IDENTIFIER
- control field: OSt
005 - DATE AND TIME OF LATEST TRANSACTION
- control field: 20160724112146.0
008 - FIXED-LENGTH DATA ELEMENTS
- fixed length control field: 150409|| aca||babn | a|a d
040 ## - CATALOGING SOURCE
- Original cataloging agency: OSt
150 ## - HEADING--TOPICAL TERM
- Topical term or geographic name as entry element: Labor laws and legislation, International
450 ## - SEE FROM TRACING--TOPICAL TERM
- Topical term or geographic name entry element: International labor laws and legislation
550 ## - SEE ALSO FROM TRACING--TOPICAL TERM
- Control subfield: g
- Topical term or geographic name entry element: International law